LIBRARY & INFORMATION CENTRE, KCAET, TAVANUR

ONLINE PUBLIC ACCESS CATALOGUE (OPAC)

public health engineering / (Record no. 11907)

MARC details
000 -LEADER
fixed length control field 00354cam a2200145ua 4500
041 ## - LANGUAGE CODE
Language code of text/sound track or separate title eng
082 ## - DEWEY DECIMAL CLASSIFICATION NUMBER
Classification number 362.1
Item number ISA/PU
100 ## - MAIN ENTRY--AUTHOR NAME
Personal name Isac, Peter .
245 ## - TITLE STATEMENT
Title public health engineering /
260 ## - PUBLICATION, DISTRIBUTION, ETC. (IMPRINT)
Place of publication london :
Name of publisher E&FN spon Ltd ,
Year of publication 1953.
300 ## - PHYSICAL DESCRIPTION
Number of Pages 277 ; .
942 ## - ADDED ENTRY ELEMENTS (KOHA)
Koha item type Books
Holdings
Withdrawn status Lost status Damaged status Home library Current library Date acquired Full call number Accession Number Koha item type
Withdrawn     KAUAET Sanskrit University 07/04/2012 362.1 3531 Books
free website counter